Ouch! : a tale from Grimm /

Bibliographic Details
Main Author: Babbitt, Natalie
Other Authors: Marcellino, Fred (Illustrator), Grimm, Wilhelm, 1786-1859, Grimm, Jacob, 1785-1863
Format: Book
Language:English
Published: [New York] : Harper Collins Publishers, 1998.
Edition:1st ed.
Subjects:

MARC

Tag First Indicator Second Indicator Subfields
LEADER 00000cam a2200000 a 4500
001 in00001488921
005 20151021071128.0
008 980728s1998 nyua b 000 0 eng d
010 |a  97078382  
020 |a 0062050664 :  |c $14.95 
035 |a (OCoLC)40272878 
035 |9 AJH1504AM 
040 |a OCo  |c DLC  |d OCO  |d VHB  |d TXA  |d UtOrBLW 
042 |a lccopycat  |a lcac 
049 |a TXAM 
050 0 0 |a PZ8.B115  |b Ou 1998 
082 0 0 |a 398.2/0943/02  |a E  |2 21 
100 1 |a Babbitt, Natalie. 
245 1 0 |a Ouch! :  |b a tale from Grimm /  |c retold by Natalie Babbitt ; illustrated by Fred Marcellino. 
250 |a 1st ed. 
264 1 |a [New York] :  |b Harper Collins Publishers,  |c 1998. 
300 |a 1 volume (unpaged) :  |b color illustrations ;  |c 29 cm. 
336 |a text  |b txt  |2 rdacontent 
337 |a unmediated  |b n  |2 rdamedia 
338 |a volume  |b nc  |2 rdacarrier 
500 |a Michael di Capua books."." 
650 1 |a Fairy tales. 
650 1 |a Folklore  |z Germany. 
650 0 |a Fairy tales  |z Germany. 
700 1 |a Marcellino, Fred,  |e illustrator. 
700 1 |a Grimm, Wilhelm,  |d 1786-1859. 
700 1 |a Grimm, Jacob,  |d 1785-1863. 
948 |a c:pk 
999 |a MARS 
999 f f |s 9773c032-5972-3041-af87-99ec61fe314c  |i 20684ca3-fa8d-31fd-9198-24f155b3ce48  |t 0 
952 f f |p ric  |a Texas A&M University  |b Rellis Campus  |c Joint Library Facility  |d Remote Storage  |t 0  |e PZ8.B115 Ou 1998  |h Library of Congress classification  |i unmediated -- volume  |m A14825022456 
998 f f |a PZ8.B115 Ou 1998  |t 0  |l Remote Storage